Čas žít, čas umírat

Podrobná bibliografia
Hlavný autor: Remarque, Erich Maria, 1898-1970 (Autor)
Médium: Kniha
Jazyk:neznámy jazyk
PhysicalDescription:315 s.
Vydavateľské údaje: Praha Odeon 1984

MARC

LEADER 00000nam a2200000 a 4500
001 vtls001264741
003 SK-MaSNL
005 20260224151107.0
008 240315s1984 xx 0 und
035 |a SNK000215665 
040 |a SNK  |b slo  |c SNK  |e AACR2 
100 1 |a Remarque, Erich Maria,  |d 1898-1970  |4 aut 
245 1 |a Čas žít, čas umírat 
260 |a Praha  |b Odeon  |c 1984 
300 |a 315 s. 
958 |a OND 
999 |c 1055821  |d 1057751 
952 |t P60, <04>, [BOOK], {604}  |a SNK  |b SNK  |y VYP  |7 0  |p 17A0083994  |o snkIC 97245  |0 0  |1 0  |4 0  |d 1997-07-21  |l 0  |r 2005-01-01 00:00:00  |w 2026-02-24 
952 |t P60, <04>, [BOOK], {604}  |a SNK  |b SNK  |y NEVYP  |7 0  |p 17A0016268  |o snkIC 97245 D1  |0 0  |1 1  |4 0  |d 1996-10-30  |l 0  |r 2005-01-01 00:00:00  |w 2026-02-24